Complete mathematics for All India Engineering Entrance Examination (AIEEE) 2012 / (Record no. 59857)

MARC details
000 -LEADER
fixed length control field 00904nam a22002537a 4500
005 - DATE AND TIME OF LATEST TRANSACTION
control field 20130715150321.0
010 ## - LCCN (DPL NO)
LC control number ENG-104318
020 ## - INTERNATIONAL STANDARD BOOK NUMBER
International Standard Book Number 9780071332187
Terms of availability 575.00
020 ## - INTERNATIONAL STANDARD BOOK NUMBER
International Standard Book Number 0071332189
Terms of availability 575.00
035 ## - SYSTEM CONTROL NUMBER
System control number EN-87851
035 ## - SYSTEM CONTROL NUMBER
System control number B-492249-253
037 ## - SOURCE OF ACQUISITION
Source of stock number/acquisition DBAD / PUB
037 ## - SOURCE OF ACQUISITION
Source of stock number/acquisition Blue Berry/Ven
Stock number dpl
082 ## - DEWEY DECIMAL CLASSIFICATION NUMBER
Classification number 510
245 ## - TITLE STATEMENT
Title Complete mathematics for All India Engineering Entrance Examination (AIEEE) 2012 /
260 ## - PUBLICATION, DISTRIBUTION, ETC. (IMPRINT)
Place of publication, distribution, etc New Delhi
Name of publisher, distributor, etc Tata McGraw-Hill
Date of publication, distribution, etc 2011
270 ## - ADDRESS
Address 7, West Patel Nagar
City New Delhi
Postal code 110008
300 ## - PHYSICAL DESCRIPTION
Extent Various pagings
Dimensions 25cm (pbk)
Accompanying material 1CD-ROM
490 ## - SERIES STATEMENT
Series statement Tata McGraw-Hill's winning edge series
650 ## - SUBJECT ADDED ENTRY--TOPICAL TERM
Topical term or geographic name as entry element Mathematics
650 ## - SUBJECT ADDED ENTRY--TOPICAL TERM
Topical term or geographic name as entry element All India Engineering Entrance Examination (AIEEE)
942 ## - ADDED ENTRY ELEMENTS (KOHA)
Source of classification or shelving scheme Dewey Decimal Classification
Item type English Books
Classification part 510
Call number suffix COM
Holdings
Withdrawn status Lost status Not for loan Collection code Home library Current library Date acquired Source of acquisition Cost, normal purchase price Full call number Barcode Copy number Cost, replacement price Koha item type
      Non-fiction Central Library Central Library 15/07/2013 Blue Berry/IN9994/03.01.2013/116/18.12.2012/23.01.2013 575.00 510 COM B-492249 1 575.00 English Books
    Not For Loan Non-fiction D.B.Act.Division D.B.Act.Division 22/12/2011 DBAD/PUB 575.00 510 COM EN-87851 1 575.00 English Books
      Non-fiction Karol Bagh Karol Bagh 15/07/2013 Blue Berry/IN9994/03.01.2013/116/18.12.2012/23.01.2013 575.00 510 COM B-492252 1 575.00 English Books
      Non-fiction Patel Nagar Patel Nagar 15/07/2013 Blue Berry/IN9994/03.01.2013/116/18.12.2012/23.01.2013 575.00 510 COM B-492250 1 575.00 English Books
Binding     Non-fiction Sarojini Nagar Sarojini Nagar 15/07/2013 Blue Berry/IN9994/03.01.2013/116/18.12.2012/23.01.2013 575.00 510 COM B-492251 1 575.00 English Books
  Written-off vide DLB M. No. 383 dt 16.05.19   Non-fiction Shahdara Branch Shahdara Branch 15/07/2013 Blue Berry/IN9994/03.01.2013/116/18.12.2012/23.01.2013 575.00 510 COM B-492253 1 575.00 English Books

© Delhi Public Library
Hit Counter
free hit counter